000 01412nam0a22003131 4500
001 rc\55168
005 20260405061321.0
010 _a5-87516-066-7
_9300
035 _a(NLR Aleph) 005332638
090 _a6608095
_c6608095
100 _a20021216d1996 |||y0rusy50 ca
101 0 _arus
102 _aRU
105 _ay |||||||||
200 1 _aНе наглядятся никогда глаза...
_eПятая кн. стихов
_fИгорь Инов
210 _aСПб.
_cБ. и.
_d1996
215 _a91 с.
_d18
300 _aНа 3-й с. обл. авт.: Игорь Инов (Игорь Владимирович Иванов)
327 1 _aСодерж.: Циклы: Чересполосица судьбы; Странствия; Музыкальная шкатулка
_aИзд. на средства авт.
_aС автогр. авт.
464 0 _12001#$aЧересполосица судьбы
_tЧересполосица судьбы
464 0 _12001#$aСтранствия
_tСтранствия
464 0 _12001#$aМузыкальная шкатулка
_tМузыкальная шкатулка
700 1 _8rus
_7ca
_aИванов
_bИ. В.
_cпоэт, переводчик
_f1930-2003
_gИгорь Владимирович
_3RU\NLR\AUTH\7720357
_93425
801 0 _aRU
_bNLR
_gpsbo
801 1 _aRU
_bELAR
_2rusmarc
852 _aNLR
_j97-4/14144
942 _cBOOK
980 _aNB